MARC details
| 000 -LEADER |
| campo de control de longitud fija |
01936nam a2200493 i 4500 |
| 001 - NÚMERO DE CONTROL |
| campo de control |
195970 |
| 003 - IDENTIFICADOR DE NÚMERO DE CONTROL |
| campo de control |
ES-MaACL |
| 005 - FECHA Y HORA DE LA ÚLTIMA TRANSACCIÓN |
| campo de control |
20250728223737.0 |
| 008 - DATOS DE LONGITUD FIJA--INFORMACIÓN GENERAL |
| campo de control de longitud fija |
240804s2007 sp a 000 0 spa d |
| 017 ## - NÚMERO DE COPYRIGHT O DE DEPÓSITO LEGAL |
| Número de copyright o de depósito legal |
S-811-2007 |
| Agencia que asigna |
Oficina Depósito Legal Salamanca |
| 020 ## - NÚMERO INTERNACIONAL ESTÁNDAR DEL LIBRO |
| Número Internacional Estándar del Libro |
9788480146883 |
| 024 ## - IDENTIFICADOR DE OTROS ESTÁNDARES |
| Número estándar o código |
311060560 |
| 035 ## - NÚMERO DE CONTROL DEL SISTEMA |
| Número de control de sistema |
CSIC001176936 |
| 035 ## - NÚMERO DE CONTROL DEL SISTEMA |
| Número de control de sistema |
(ES-MaCSI)001176936MAD01-Aleph |
| 035 ## - NÚMERO DE CONTROL DEL SISTEMA |
| Número de control de sistema |
(OCoLC)1123744992 |
| 035 ## - NÚMERO DE CONTROL DEL SISTEMA |
| Número de control de sistema |
(IEO)000016935 |
| 035 ## - NÚMERO DE CONTROL DEL SISTEMA |
| Número de control de sistema |
990011769360204201 |
| 040 ## - FUENTE DE CATALOGACIÓN |
| Centro catalogador/agencia de origen |
ES-MaCSI |
| Lengua de catalogación |
spa |
| Centro/agencia transcriptor |
ES-MaACL |
| 080 ## - NÚMERO DE LA CLASIFICACIÓN DECIMAL UNIVERSAL |
| Número de la Clasificación Decimal Universal |
502.74 |
| 080 ## - NÚMERO DE LA CLASIFICACIÓN DECIMAL UNIVERSAL |
| Número de la Clasificación Decimal Universal |
599.5 |
| 080 ## - NÚMERO DE LA CLASIFICACIÓN DECIMAL UNIVERSAL |
| Número de la Clasificación Decimal Universal |
598.13 |
| 245 10 - MENCIÓN DEL TÍTULO |
| Título |
Todos por la mar / |
| Mención de responsabilidad, etc. |
dirigido por Erika Urquiola y Ricardo Sagarminaga. |
| 260 ## - PUBLICACIÓN, DISTRIBUCIÓN, ETC. |
| Lugar de publicación, distribución, etc. |
Madrid : |
| Nombre del editor, distribuidor, etc. |
Ministerio de Medio Ambiente, Organismo Autónomo Parques Nacionales, |
| Fecha de publicación, distribución, etc. |
2007. |
| 300 ## - DESCRIPCIÓN FÍSICA |
| Extensión |
291 p. : |
| Otras características físicas |
il. col., mapas. ; |
| Dimensiones |
25 cm. + |
| Material acompañante/anejo |
1 disco compacto. |
| 336 ## - TIPO DE CONTENIDO |
| Fuente |
rdacontent |
| Término de tipo de contenido |
texto |
| 337 ## - TIPO DE MEDIO |
| Fuente |
rdamedia |
| Nombre/término del tipo de medio |
sin mediación |
| 338 ## - TIPO DE SOPORTE |
| Fuente |
rdacarrier |
| Nombre/término del tipo de soporte |
volumen |
| 490 1# - MENCIÓN DE SERIE |
| Mención de serie |
Naturaleza y Parques Nacionales. Serie técnica |
| 500 ## - NOTA GENERAL |
| Nota general |
Proyecto LIFE "Conservación de cetáceos y tortugas en Murcia y Andalucía" |
| 504 ## - NOTA DE BIBLIOGRAFÍA, ETC. |
| Nota de bibliografía, etc. |
Bibliografía |
| 594 #1 - NOTA AL TITULO Y MENCION DE RESPONSABILIDAD |
| Nota al título y mención de responsabilidad |
Precede al tít.: Sociedad Española de Cetáceos (SEC) |
| 650 #0 - PUNTO DE ACCESO ADICIONAL DE MATERIA--TÉRMINO DE MATERIA |
| Término de materia o nombre geográfico como elemento de entrada |
Cetáceos- |
| Subdivisión general |
Conservación- |
| Subdivisión geográfica |
Mediterráneo |
| Fuente del encabezamiento o término |
CSICAU |
| 9 (RLIN) |
237746 |
| 650 #0 - PUNTO DE ACCESO ADICIONAL DE MATERIA--TÉRMINO DE MATERIA |
| Término de materia o nombre geográfico como elemento de entrada |
Tortugas marinas- |
| Subdivisión geográfica |
Mediterráneo- |
| Subdivisión general |
Conservación |
| Fuente del encabezamiento o término |
CSICAU |
| 9 (RLIN) |
237747 |
| 700 ## - ENTRADA AGREGADA--NOMBRE PERSONAL |
| Nombre de persona |
Urquiola, Erika |
| 9 (RLIN) |
237748 |
| Término indicativo de función/relación |
Editor literario |
| 700 ## - ENTRADA AGREGADA--NOMBRE PERSONAL |
| Nombre de persona |
Sagarminaga, Ricardo |
| 9 (RLIN) |
237749 |
| Término indicativo de función/relación |
Editor |
| 710 ## - ENTRADA AGREGADA--NOMBRE DE ENTIDAD CORPORATIVA |
| Nombre de entidad corporativa o nombre de jurisdicción como elemento de entrada |
Sociedad Española de Cetáceos (SEC) |
| 9 (RLIN) |
237750 |
| 830 #0 - PUNTO DE ACCESO ADICIONAL DE SERIE-TÍTULO UNIFORME |
| Título uniforme |
Naturaleza y parques nacionales |
| 9 (RLIN) |
237751 |
| 852 ## - LOCALIZACIÓN |
| Ubicación |
ES-MaACL |
| Ubicación en estantería |
Depósito J |
| Número de control de estantería |
N-9102 |
| Donativo/Legado |
Donación: María Pelles |
| Encuadernación |
Encuadernación cartoné |
| itemnumber |
205001 |
| 903 ## - NOMBRE PERSONAL DE DONANTE |
| a |
Pelles, María |
| e |
Donante |
| 942 ## - ELEMENTOS DE ENTRADA SECUNDARIOS (KOHA) |
| Tipo de ítem Koha |
Libro impreso |
| Suprimir en OPAC |
No |